[Event "ICS rated blitz match"]
[Site "207.99.83.227"]
[Date "1999.05.07"]
[Round "?"]
[White "Hossa"]
[Black "JudgeTurpin"]
[Result "0-1"]
[WhiteElo "2368"]
[BlackElo "2595"]
[Annotator "Crafty v16.6"]
[PlyCount "128"]

{annotating for player ossa using a scoring margin of +0.20 pawns. search time
limit is 20.00} 1. e4 1... e5 2. f4 exf4 3. Nf3 d6 4. Bc4 h6 5. d4 g5 6. O-O
Bg7 7. c3 Nc6 8. Qa4 Bd7 9. Qb3 Na5 10. Bxf7+ Kf8 11. Qa3 Kxf7 12. Qxa5 Bc6 13.
Nbd2 Ne7 14. Qb4 d5 15. e5 Nf5 16. Nb3 Bf8 17. Qa5 Qc8 18. Nc5 b6 19. Qa6 Bxc5
20. Qxc8 Raxc8 21. dxc5 bxc5 22. b3 Rhe8 23. Ba3 Ne3 24. Rf2 c4 25. Bc5 Ng4 26.
Re2 Bb7 27. bxc4 Ba6 28. e6+ Kf6 29. Nd2 Rxe6 30. Rxe6+ Kxe6 31. Re1+ Ne3 32.
Bxe3 fxe3 33. Rxe3+ Kd6 34. cxd5 Kxd5 35. Re7 Bb5 36. Rh7 c5 37. Rxa7 Re8 38.
Nf3 Re3 39. Ra3 Bc4 40. h3 Re2 41. Ra8 Rxa2 42. Rd8+ Ke6 43. Rh8 Ra1+ 44. Kh2
Rc1 45. Rxh6+ Kd5 46. Nxg5 Rxc3 47. g4 Ke5 48. Nh7 Bf1 49. Rh5+ Kd4 50. Nf6 Rf3
51. Nd7 c4 52. h4 c3 53. Nb6 c2 54. Rd5+ Kc3 55. Rc5+ Kb3 56. Rxc2 Kxc2 57. Kg1
Kd3 58. Nc8 Ke2 59. Nd6 Rg3+ 60. Kh2 Rxg4 61. Nf5 Kf2 62. h5 Rf4 63. Kh1 Rxf5
64. h6 Rh5# 0-1

[Event "ICS rated blitz match"]
[Site "207.99.83.227"]
[Date "1999.05.07"]
[Round "?"]
[White "lambChop"]
[Black "Hossa"]
[Result "1-0"]
[WhiteElo "2556"]
[BlackElo "2361"]
[Annotator "Crafty v16.6"]
[PlyCount "120"]

{annotating for player ossa using a scoring margin of +0.20 pawns. search time
limit is 20.00} 1. d4 1... Nf6 2. c4 d6 3. Nc3 Nbd7 4. Nf3 e5 5. e3 Be7 6. Bd3
O-O 7. O-O c6 8. Bd2 Re8 9. Qc2 Qc7 10. Kh1 exd4 11. exd4 d5 ({9:-0.54} 11...
d5 12. cxd5 cxd5 13. Rac1 Bd8 14. Rfe1 Rxe1+ 15. Rxe1 Nb6 16. Ne5 Qd6 17. Bf5
$14) ({9:-0.13} 11... Nb6 12. Ne4 Bg4 13. Nxf6+ Bxf6 14. Bxh7+ Kh8 15. c5 Nd5
16. cxd6 Qxd6 17. Be4 Bxf3 18. Bxf3 18... Bxd4 $10) 12. cxd5 cxd5 13. Qb3 Qd6
14. Rfe1 Nb6 15. Rac1 Bg4 16. Nb5 Qd8 17. Nc7 Bxf3 18. gxf3 Qd6 19. Nxa8 Rxa8
20. a4 Rb8 21. Qb5 a6 22. Qb3 Nbd7 23. a5 Bf8 24. Qd1 Be7 25. Rc2 Re8 26. Qc1
Bd8 27. Rxe8+ Nxe8 28. Rc8 Qf6 29. Bf4 Nf8 30. Qe3 Nd6 31. Be5 Qe7 32. Rc5 Qe6
33. Bxd6 Qxd6 34. Qe5 Qxe5 35. dxe5 d4 36. Be4 Ne6 37. Rc8 Kf8 38. b4 Ke7 39.
Bxb7 Nc7 40. Be4 h5 41. Kg2 g5 42. f4 gxf4 43. Kf3 h4 44. Bf5 Nb5 45. Rc6 d3
46. Kxf4 d2 47. Bg4 Nc7 48. Rd6 Ke8 49. Rxd2 Be7 50. Rd7 Bd8 51. Bf5 Nb5 52.
Rb7 Nc7 53. Bd3 Ne6+ 54. Kf5 Nc7 55. b5 axb5 56. a6 Nxa6 57. Bxb5+ Kf8 58. Bxa6
Be7 59. Rb8+ Kg7 60. f4 Bc5 1-0

[Event "ICS rated blitz match"]
[Site "207.99.83.227"]
[Date "1999.05.07"]
[Round "?"]
[White "Hossa"]
[Black "JudgeTurpin"]
[Result "0-1"]
[WhiteElo "2353"]
[BlackElo "2602"]
[Annotator "Crafty v16.6"]
[PlyCount "77"]

{annotating for player ossa using a scoring margin of +0.20 pawns. search time
limit is 20.00} 1. e4 1... e5 2. f4 exf4 3. Nf3 g5 4. h4 g4 5. Ne5 Nf6 6. Bc4
d5 7. exd5 Bd6 8. Bb5+ ({8:-0.44} 8. Bb5+ 8... Bd7 9. Nxd7 Nbxd7 10. Qe2+ Qe7
11. Qxe7+ Bxe7 12. Nc3 O-O-O 13. Rf1 Ne5 14. Rxf4 Nxd5 15. Nxd5 15... Rxd5 $15)
({8:+0.72} 8. d4 8... c6 9. dxc6 Bxe5 10. dxe5 Qa5+ 11. Nc3 Qxe5+ 12. Qe2 Nxc6
13. Bxf4 $16) 8... Bd7 9. Nxd7 Nbxd7 10. O-O f3 11. gxf3 a6 12. Re1+ Be7 13.
Ba4 gxf3 14. Qxf3 b5 15. Bb3 Rg8+ 16. Kf1 a5 17. Nc3 a4 18. Nxb5 axb3 19. d6
cxd6 20. Qxa8 Qxa8 21. Nc7+ Kd8 22. Nxa8 bxc2 23. Re3 Rg4 24. d4 Rxd4 25. Rc3
Nd5 26. Rb3 Rd1+ 27. Ke2 Nc5 28. Rf3 Ne6 29. Rf1 Nd4+ 30. Kf2 Bxh4+ 31. Kg2 Ne6
32. Bh6 Ng5 33. Kh2 Ne3 34. Rfxd1 cxd1=Q 35. Rxd1 Nxd1 36. b4 Ne3 37. Bxg5+
Bxg5 38. a4 Nd5 39. a5 0-1

[Event "ICS rated blitz match"]
[Site "207.99.83.227"]
[Date "1999.05.07"]
[Round "?"]
[White "Hossa"]
[Black "JudgeTurpin"]
[Result "0-1"]
[WhiteElo "2347"]
[BlackElo "2608"]
[Annotator "Crafty v16.6"]
[PlyCount "123"]

{annotating for player ossa using a scoring margin of +0.20 pawns. search time
limit is 20.00} 1. e4 1... c6 2. Nf3 d5 3. exd5 cxd5 4. d4 Nc6 5. h3 e6 6. Bb5
Bd6 7. O-O Bd7 8. c4 dxc4 9. Nbd2 ({8:-0.10} 9. Nbd2 9... Nf6 10. Nxc4 Bc7 11.
Bxc6 Bxc6 12. Nfe5 O-O 13. Nxc6 13... bxc6 $10) ({8:+0.21} 9. d5 9... exd5 10.
Qxd5 Be6 11. Bxc6+ Kf8 12. Qh5 Nf6 13. Qb5 bxc6 14. Qxc6 $10) 9... Na5 10. Bxc4
Nxc4 11. Nxc4 Bb5 12. Qb3 Bxc4 13. Qxc4 Qd7 14. Bg5 Rc8 15. Qb3 h6 16. Bh4 g5
17. Bg3 Bxg3 18. fxg3 g4 19. hxg4 Ne7 20. Rae1 Rc7 21. Kh1 Qd5 22. Qxd5 Nxd5
23. Rc1 Rxc1 24. Rxc1 Ke7 25. Kh2 Rg8 26. Kh3 a5 27. Ne5 a4 28. Nd3 Ra8 29. Nf4
Rd8 30. Nxd5+ Rxd5 31. Rc7+ Kf6 32. Rxb7 Rxd4 33. b3 Rd2 34. bxa4 Rxa2 35. Rb4
Ra1 36. Kh2 e5 37. Rb6+ Ke7 38. Rb5 Kd6 39. a5 e4 40. Rf5 e3 41. Rf6+ Kd5 42.
Rf5+ Ke4 43. Rxf7 e2 44. Re7+ Kd3 45. g5 hxg5 46. Kh3 e1=Q 47. Rxe1 Rxe1 48.
Kg4 Ra1 49. Kxg5 Ke4 50. a6 Rxa6 51. g4 Ra2 52. g3 Kf3 53. Kh4 Rf2 54. Kh5 Kxg3
55. g5 Kf4 56. Kg6 Kg4 57. Kh6 Kf5 58. g6 Rg2 59. Kg7 Rxg6+ 60. Kf7 Re6 61. Kg7
Re7+ 62. Kf8 0-1

[Event "ICS rated blitz match"]
[Site "207.99.83.227"]
[Date "1999.05.07"]
[Round "?"]
[White "Hossa"]
[Black "JudgeTurpin"]
[Result "0-1"]
[WhiteElo "2341"]
[BlackElo "2614"]
[Annotator "Crafty v16.6"]
[PlyCount "109"]

{annotating for player ossa using a scoring margin of +0.20 pawns. search time
limit is 20.00} 1. e4 1... g6 2. Nf3 Bg7 3. d4 d6 4. Bc4 Nf6 5. e5 dxe5 6. Nxe5
O-O 7. O-O Nbd7 8. Bg5 ({9:-0.30} 8. Bg5 8... Nxe5 9. dxe5 Ng4 10. Qxd8 Rxd8
11. Bxe7 Re8 12. Ba3 Bxe5 13. Bb5 $10) ({9:+0.04} 8. Nc3 8... Nxe5 9. dxe5 Ng4
10. e6 Bxe6 11. Bxe6 Qxd1 12. Bxf7+ Kxf7 13. Nxd1 $10) 8... Ne4 9. Bf4 Nxe5 10.
Bxe5 Bxe5 11. dxe5 Bf5 12. f3 Nc5 13. Na3 c6 14. Bb3 Qc7 15. Qe2 Nxb3 16. axb3
Rfd8 17. Kh1 Rd5 18. f4 Rad8 19. Rfd1 Qd7 20. Rxd5 Qxd5 21. Nc4 Qd4 22. Rf1 b5
23. Na5 Qd2 24. Qxd2 Rxd2 25. c4 Be4 26. Rg1 Rxb2 27. Re1 Bxg2+ 28. Kg1 bxc4
29. Nxc4 Ra2 30. b4 Bd5 31. Ne3 Rb2 32. Ra1 Rxb4 33. Rxa7 e6 34. Ng4 Rxf4 35.
Nf6+ Kg7 36. Ne8+ Kf8 37. Nf6 h5 38. Ra3 Kg7 39. Ne8+ Kh6 40. Nf6 Kg5 41. Ra7
Kf5 42. Rxf7 Kxe5 43. Nd7+ Ke4 44. Rxf4+ Kxf4 45. h4 Kg4 46. Kf1 Kxh4 47. Ne5
Kg3 48. Ke2 h4 49. Ke1 h3 50. Nd3 h2 51. Nf2 h1=Q+ 52. Nxh1+ Bxh1 53. Ke2 Bf3+
54. Kd2 e5 55. Kc3 0-1

[Event "ICS rated blitz match"]
[Site "207.99.83.227"]
[Date "1999.05.07"]
[Round "?"]
[White "Hossa"]
[Black "JudgeTurpin"]
[Result "0-1"]
[WhiteElo "2335"]
[BlackElo "2620"]
[Annotator "Crafty v16.6"]
[PlyCount "78"]

{annotating for player ossa using a scoring margin of +0.20 pawns. search time
limit is 20.00} 1. e4 1... e5 2. f4 exf4 3. Nf3 g5 4. h4 g4 5. Ne5 Nf6 6. Bc4
d5 7. exd5 Bd6 8. Bb5+ ({8:-0.44} 8. Bb5+ 8... Bd7 9. Nxd7 Nbxd7 10. Qe2+ Qe7
11. Qxe7+ Bxe7 12. Nc3 O-O-O 13. Rf1 Ne5 14. Rxf4 Nxd5 15. Nxd5 15... Rxd5 $15)
({8:+0.72} 8. d4 8... c6 9. dxc6 Bxe5 10. dxe5 Qa5+ 11. Nc3 Qxe5+ 12. Qe2 Nxc6
13. Bxf4 $16) 8... Bd7 9. Nxd7 Nbxd7 10. O-O f3 11. gxf3 a6 12. Re1+ Be7 13.
Ba4 gxf3 14. Qxf3 b5 15. Bb3 Rg8+ 16. Kf1 Rg4 17. d3 a5 18. d6 cxd6 19. Bf4 Ra6
20. a4 Qb6 21. Be3 Qb8 22. Bg5 Ne5 23. Qf2 d5 24. axb5 Re6 25. Nc3 Nh5 26. Qh2
Bxg5 27. hxg5 Rf4+ 28. Qxf4 Nxf4 29. Nxd5 Nf3 30. Nf6+ Kd8 31. Rxe6 fxe6 32.
Rxa5 Qb6 33. Ra8+ Kc7 34. d4 Qxd4 35. b6+ Qxb6 36. Ne8+ Kb7 37. Bd5+ exd5 38.
Rb8+ Kxb8 39. b3 Qg1# 0-1

[Event "ICS rated blitz match"]
[Site "207.99.83.227"]
[Date "1999.05.07"]
[Round "?"]
[White "Hossa"]
[Black "JudgeTurpin"]
[Result "1/2-1/2"]
[WhiteElo "2330"]
[BlackElo "2625"]
[PlyCount "232"]

1. e4 c5 2. Nc3 a6 3. Be2 Nc6 4. Nf3 d6 5. d4 cxd4 6. Nxd4 Nxd4 7. Qxd4 Nf6 8.
O-O e5 9. Qd3 Be7 10. Nd5 Nxd5 11. Qxd5 Qc7 12. Qd3 Be6 13. Be3 Rc8 14. Rac1
Bc4 15. Qxc4 Qxc4 16. Bxc4 Rxc4 17. f3 Kd7 18. Rfd1 Ke6 19. c3 Rhc8 20. Rd2 f5
21. exf5+ Kxf5 22. Re1 Ke6 23. a3 a5 24. Bd4 a4 25. f4 Bh4 26. g3 Bf6 27. Rde2
Kd5 28. fxe5 dxe5 29. Bxe5 Re8 30. Bxf6 Rxe2 31. Rxe2 gxf6 32. Re7 b6 33. Rxh7
Rc5 34. Rh4 Rc4 35. Rh5+ Kd6 36. Rf5 Ke6 37. Rb5 Rc6 38. Kg2 Rd6 39. Rb4 Rd2+
40. Kh3 Kd5 41. Rxb6 Rf2 42. g4 Re2 43. Rxf6 Rxb2 44. g5 Rb3 45. g6 Rxc3+ 46.
Kg4 Rc2 47. h4 Ke5 48. Ra6 Rg2+ 49. Kf3 Rg1 50. h5 Kf5 51. Rxa4 Kg5 52. Kf2 Rd1
53. Ra8 Rd7 54. Ra5+ Kh6 55. Ke3 Rd1 56. a4 Re1+ 57. Kf4 Ra1 58. Kf3 Rf1+ 59.
Ke2 Rf4 60. Ke1 Rf6 61. Re5 Rf4 62. a5 Ra4 63. Ke2 Ra3 64. Rf5 Rg3 65. a6 Ra3
66. a7 Rxa7 67. Kf3 Ra3+ 68. Ke4 Ra4+ 69. Ke3 Ra3+ 70. Kd2 Ra2+ 71. Kc3 Ra3+
72. Kc4 Ra4+ 73. Kd3 Ra3+ 74. Kc2 Re3 75. Rd5 Rf3 76. Kd2 Rg3 77. Ke2 Ra3 78.
Ke1 Ra2 79. Rf5 Rh2 80. Re5 Rc2 81. Kd1 Rh2 82. Ra5 Rg2 83. Rc5 Rh2 84. Rf5 Ra2
85. Rd5 Rh2 86. Kc1 Ra2 87. Rb5 Rh2 88. Ra5 Re2 89. Rf5 Rh2 90. Kb1 Rd2 91. Ka1
Re2 92. Rd5 Rf2 93. Re5 Rg2 94. Kb1 Kg7 95. Re7+ Kf6 96. Rh7 Ke5 97. Rc7 Kf6
98. Rc6+ Kg7 99. Rc8 Kh6 100. Rh8+ Kg7 101. Rd8 Rg5 102. Rd7+ Kf6 103. Rf7+ Ke6
104. Rh7 Kf6 105. Kc2 Rg3 106. Kd2 Rg1 107. Rb7 Kg5 108. Rb5+ Kh6 109. Re5 Rg3
110. Kc2 Rh3 111. Rd5 Rf3 112. Kd1 Rf2 113. Rb5 Rg2 114. Ra5 Kg7 115. Rc5 Rg1+
116. Ke2 116... Rg2+ {Game drawn by the 50 move rule} 1/2-1/2

[Event "ICS rated blitz match"]
[Site "207.99.83.227"]
[Date "1999.05.07"]
[Round "?"]
[White "Hossa"]
[Black "JudgeTurpin"]
[Result "0-1"]
[WhiteElo "2335"]
[BlackElo "2620"]
[Annotator "Crafty v16.6"]
[PlyCount "117"]

{annotating for player ossa using a scoring margin of +0.20 pawns. search time
limit is 20.00} 1. e4 1... c5 2. Nc3 a6 3. Be2 Nc6 4. Nf3 d6 5. d4 cxd4 6. Nxd4
Nxd4 7. Qxd4 Nf6 8. O-O e5 9. Qd3 Be7 10. Nd5 ({10:+0.32} 10. Nd5 10... Nxd5
11. exd5 Qd7 12. Bf3 O-O 13. Be3 Re8 14. Qe4 Qf5 15. Rae1 $14) ({10:+0.60} 10.
Bg5 10... O-O 11. Rfd1 Ne8 12. Be3 Bg5 13. Nd5 Be6 14. Bxg5 Qxg5 15. c4 $14)
10... Nxd5 11. Qxd5 Qc7 12. Qd3 O-O 13. Be3 Be6 14. c4 Qc6 15. f3 Bd8 16. Rad1
Bb6 17. Bf2 Bxf2+ 18. Rxf2 Rfd8 19. b3 Qc5 20. a4 a5 21. Rdf1 Rac8 22. f4 exf4
23. Kh1 g5 24. Qc3 Qe5 25. Qf3 Kh8 26. Bd3 Qc3 27. Qd1 b6 28. Bc2 Rc5 29. Qh5
Qg7 30. Bb1 Rcc8 31. Kg1 Qg6 32. Qd1 Qf6 33. Ba2 Qe5 34. Qh5 Rc5 35. Kh1 Qd4
36. Re2 Qf6 37. Qf3 Rcc8 38. Ree1 Qd4 39. Qe2 Qe5 40. Qf2 Rc5 41. Qf3 Re8 42.
Rd1 Rec8 43. Bb1 Rd8 44. Rd2 Rcc8 45. Qh5 Rf8 46. Qh6 Rfe8 47. Rxd6 b5 48. axb5
a4 49. bxa4 Rxc4 50. a5 Rb4 51. Rd5 Bxd5 52. h4 Bc4 53. Rd1 Rxb5 54. hxg5 f3
55. gxf3 Be2 56. Rf1 Rxb1 57. Kg2 Bxf1+ 58. Kf2 Rb2+ 59. Ke3 0-1

[Event "ICS rated blitz match"]
[Site "207.99.83.227"]
[Date "1999.05.07"]
[Round "?"]
[White "Hossa"]
[Black "JudgeTurpin"]
[Result "1-0"]
[WhiteElo "2330"]
[BlackElo "2625"]
[PlyCount "117"]

1. e4 c6 2. Nf3 d5 3. exd5 cxd5 4. d4 Nf6 5. Bb5+ Bd7 6. Bxd7+ Nbxd7 7. O-O e6
8. Qe2 Rc8 9. Nc3 Qb6 10. Bd2 Qxb2 11. Rab1 Qa3 12. Rxb7 Rxc3 13. Bxc3 Qxc3 14.
Rxa7 Bd6 15. Qb5 Bb8 16. Rb7 Qc8 17. Ne5 Bd6 18. Rb1 h6 19. a4 Qd8 20. Qc6 Ke7
21. Nxd7 Nxd7 22. Rxd7+ Qxd7 23. Rb7 Qxb7 24. Qxb7+ Kf6 25. Qc6 Rb8 26. g3 Bb4
27. c3 Ba5 28. Kg2 Rb3 29. c4 dxc4 30. Qc5 Bd2 31. Qxc4 Rb4 32. Qd3 Rb2 33. d5
e5 34. d6 Ke6 35. d7 Bg5 36. d8=N+ Bxd8 37. Qxd8 Rb7 38. Qc8+ Rd7 39. a5 h5 40.
a6 Ke7 41. Qxd7+ Kxd7 42. a7 f6 43. a8=Q Ke7 44. Qg8 g5 45. Qh7+ Ke6 46. Qxh5
Ke7 47. Qh7+ Ke6 48. Kf3 Kd6 49. Qf7 Kc5 50. Qxf6 g4+ 51. Kxg4 Kd5 52. Kf5 e4
53. Qd8+ Kc4 54. Kxe4 Kb5 55. Kd4 Kc6 56. Kc4 Kb7 57. Kb5 Ka7 58. Kc6 Ka6 59.
Qb6# {JudgeTurpin checkmated} 1-0

[Event "ICS rated blitz match"]
[Site "207.99.83.227"]
[Date "1999.05.07"]
[Round "?"]
[White "SuperChicken"]
[Black "Hossa"]
[Result "1/2-1/2"]
[WhiteElo "2721"]
[BlackElo "2357"]
[PlyCount "345"]

1. d4 Nf6 2. c4 d6 3. Nc3 Nbd7 4. e4 e5 5. Nf3 Be7 6. Be2 O-O 7. O-O c5 8. dxe5
dxe5 9. Qd3 a5 10. Nd5 Ra6 11. Bd2 Nxd5 12. cxd5 f5 13. exf5 Rd6 14. Qc2 a4 15.
Rad1 Nf6 16. Ng5 Qe8 17. Bf3 a3 18. bxa3 Bd7 19. Qxc5 Bxf5 20. Rfe1 Rd7 21. Qc4
Bd6 22. Bb4 Rc7 23. Qe2 Rc2 24. Bxd6 Rxe2 25. Bxe2 h6 26. Nf3 Bc2 27. Rc1 Be4
28. Nxe5 Bxd5 29. Bc4 Bxc4 30. Nxc4 Qd8 31. Bxf8 Qxf8 32. a4 Qb4 33. a5 Nd5 34.
Re8+ Kh7 35. a3 Qb5 36. Re5 Qc6 37. f3 b5 38. axb6 Nxb6 39. Re4 Qc7 40. Rc3
Qc5+ 41. Kf1 Qb5 42. Kf2 Qc5+ 43. Ke2 Nxc4 44. Rexc4 Qe5+ 45. Kf2 Qxh2 46. Rd3
Qb8 47. g4 Qh2+ 48. Ke3 Qg1+ 49. Ke4 Qe1+ 50. Kd5 Qa5+ 51. Rc5 Qa8+ 52. Rc6
Qa5+ 53. Ke6 Qg5 54. Rcd6 Kg8 55. Rd7 Qc5 56. R7d5 Qc6+ 57. Rd6 Qc4+ 58. Kf5
Qf7+ 59. Ke4 Qc4+ 60. Ke5 Qc5+ 61. R6d5 Qe7+ 62. Kf5 Kh7 63. Rd7 Qf6+ 64. Ke4
Qc6+ 65. Ke5 Qc5+ 66. Kf4 Kg6 67. R3d6+ Kh7 68. a4 Qc1+ 69. Rd2 Qc6 70. R2d4
Qc1+ 71. Ke4 Qe1+ 72. Kd5 Qa5+ 73. Ke6 Qa6+ 74. Ke5 Qe2+ 75. Kf4 Qh2+ 76. Ke3
Qg1+ 77. Kd3 Qd1+ 78. Kc3 Qxf3+ 79. Kb4 h5 80. gxh5 Qxh5 81. a5 Qe8 82. a6 Qe1+
83. Kb5 Qb1+ 84. Kc6 Qc2+ 85. Kb6 Qb3+ 86. Kc7 Qa3 87. R4d6 Qc5+ 88. Kd8 Qa5+
89. Kc8 Qc5+ 90. Kb8 Qb4+ 91. Ka8 Qc4 92. Rd8 Qe4+ 93. Kb8 Qb4+ 94. Kc8 Qc5+
95. Kb7 Qb4+ 96. Ka7 Qc5+ 97. Ka8 Qc4 98. a7 Qc7 99. R6d7 Qc5 100. Rb7 Qe5 101.
Rf7 Qc5 102. Kb7 Qb5+ 103. Kc7 Qc5+ 104. Kd7 Qxa7+ 105. Ke8 Qe3+ 106. Re7 Qc5
107. Rdd7 Qc8+ 108. Rd8 Qc4 109. Re1 Qh4 110. Rdd1 Qh5+ 111. Kd8 Qg5+ 112. Re7
Qa5+ 113. Kc8 Qa8+ 114. Kc7 Kh6 115. Rd6+ Kh5 116. Re5+ Kh4 117. Rd4+ Kg3 118.
Re3+ Kf2 119. Red3 Qa5+ 120. Kd6 Qd8+ 121. Ke5 Qf6+ 122. Ke4 Qe6+ 123. Kf4 Qh6+
124. Kg4 g5 125. Rf3+ Ke2 126. Re4+ Kd2 127. Rh3 Qf6 128. Rb3 Qc6 129. Rbe3 Qg6
130. Re6 Qg7 131. R3e5 Kc3 132. Rxg5 Qd4+ 133. Kf5 Qd3+ 134. Re4 Qf3+ 135. Ke5
Qh3 136. Reg4 Qe3+ 137. Kd5 Qf3+ 138. Kd6 Qf6+ 139. Kd7 Qf7+ 140. Kc6 Qe6+ 141.
Kc5 Qe3+ 142. Kd6 Qb6+ 143. Ke7 Qc7+ 144. Kf6 Qd6+ 145. Kf5 Qd5+ 146. Kf4 Qd4+
147. Kf3 Qd3+ 148. Kf2 Qd2+ 149. Kg3 Qe1+ 150. Kg2 Qe2+ 151. Kh3 Qf1+ 152. Rg2
Qh1+ 153. Kg3 Qe1+ 154. Kf3 Qf1+ 155. Rf2 Qh1+ 156. Rgg2 Qh5+ 157. Kf4 Qf7+
158. Ke5 Qe7+ 159. Kd5 Qd7+ 160. Ke4 Qe6+ 161. Kf3 Qf5+ 162. Kg3 Qg5+ 163. Kh2
Qh5+ 164. Kg1 Qd1+ 165. Rf1 Qd4+ 166. Kh1 Qh4+ 167. Rh2 Qe4+ 168. Kg1 Qg4+ 169.
Kf2 Qf4+ 170. Kg2 Qg4+ 171. Kf2 Qf4+ 172. Kg2 Qg4+ 173. Kf2 {
Game drawn by repetition} 1/2-1/2

[Event "ICS rated blitz match"]
[Site "207.99.83.227"]
[Date "1999.05.07"]
[Round "?"]
[White "Hossa"]
[Black "BISI"]
[Result "1-0"]
[WhiteElo "2374"]
[BlackElo "2096"]
[PlyCount "61"]

1. e4 Nf6 2. e5 Nd5 3. Nf3 d6 4. d4 Nc6 5. Bb5 a6 6. Bxc6+ bxc6 7. O-O Bg4 8.
c4 Nb6 9. Qd3 e6 10. Bg5 Be7 11. Bxe7 Qxe7 12. Qe4 Bxf3 13. Qxf3 d5 14. cxd5
cxd5 15. Rc1 O-O 16. Qg3 Rab8 17. Nd2 Qb4 18. Nb3 Nc4 19. Rc2 a5 20. Nc5 Rfd8
21. Na6 Qb6 22. Nxb8 Rxb8 23. Qc3 a4 24. b3 Na3 25. Rd2 h6 26. Rd3 Nb5 27. Qd2
axb3 28. Rxb3 Ra8 29. Qb2 c6 30. a4 Qxd4 31. Rxb5 {BISI resigns} 1-0

[Event "ICS rated blitz match"]
[Site "207.99.83.227"]
[Date "1999.05.07"]
[Round "?"]
[White "Hossa"]
[Black "egghead"]
[Result "1-0"]
[WhiteElo "2381"]
[BlackElo "2520"]
[PlyCount "151"]

1. e4 e5 2. f4 exf4 3. Nf3 g5 4. h4 g4 5. Ne5 Nf6 6. Bc4 d5 7. exd5 Bg7 8. O-O
Nxd5 9. Nxg4 Be6 10. Bxd5 Bd4+ 11. Nf2 Qxd5 12. Nc3 Qf5 13. Ne2 Bf6 14. Nd3 Nd7
15. Rxf4 Qg6 16. Ra4 Nb6 17. Nef4 Qh6 18. Nxe6 fxe6 19. Re4 O-O-O 20. Qg4 Rde8
21. Rxe6 Rxe6 22. Qxe6+ Kb8 23. Nf2 Qxh4 24. c3 Bg7 25. d3 Rf8 26. Be3 Nc8 27.
Qh3 Qe7 28. Re1 Be5 29. Qh5 Bg3 30. Bxa7+ Kxa7 31. Rxe7 Bxf2+ 32. Kf1 Nxe7 33.
Qxh7 Bg3+ 34. Kg1 Rf4 35. Qxe7 Bf2+ 36. Kh2 Rh4+ 37. Qxh4 Bxh4 38. d4 Bg5 39.
b3 Bd2 40. c4 Kb6 41. Kg3 Bc3 42. Kf4 Bxd4 43. Ke4 Kc5 44. Kd3 Bf6 45. a3 Bb2
46. b4+ Kd6 47. c5+ Ke5 48. a4 Kf4 49. c6 bxc6 50. Kc4 Be5 51. Kc5 Ke3 52. Kxc6
Kd4 53. a5 Kc4 54. g4 Kxb4 55. a6 Bd4 56. g5 Ka5 57. Kb7 c5 58. a7 Kb5 59. a8=Q
Kc4 60. g6 Kd3 61. Qd8 Kc3 62. Qxd4+ cxd4 63. g7 d3 64. g8=Q d2 65. Qg4 Kc2 66.
Qc4+ Kb1 67. Qd3+ Kc1 68. Qc3+ Kd1 69. Kc6 Ke2 70. Qc2 Ke3 71. Kd5 Ke2 72. Ke4
Ke1 73. Ke3 d1=N+ 74. Kf3 Nc3 75. Qd3 Nd1 76. Qe2# {egghead checkmated} 1-0

[Event "ICS rated blitz match"]
[Site "207.99.83.227"]
[Date "1999.05.07"]
[Round "?"]
[White "Hossa"]
[Black "ChessTatour"]
[Result "1-0"]
[WhiteElo "2407"]
[BlackElo "2069"]
[PlyCount "27"]

1. e4 c6 2. Nf3 d5 3. exd5 cxd5 4. d4 Nc6 5. c3 g6 6. Bg5 Bg7 7. Bd3 Nh6 8. O-O
O-O 9. Nbd2 f6 10. Be3 Nf7 11. c4 Nb4 12. Be2 e5 13. dxe5 fxe5 14. Bc5 {
ChessTatour resigns} 1-0

[Event "ICS rated blitz match"]
[Site "207.99.83.227"]
[Date "1999.05.07"]
[Round "?"]
[White "knightmare51"]
[Black "Hossa"]
[Result "1-0"]
[WhiteElo "2128"]
[BlackElo "2411"]
[Annotator "Crafty v16.6"]
[PlyCount "39"]

{annotating for player ossa using a scoring margin of +0.20 pawns. search time
limit is 20.00} 1. d4 1... Nf6 2. Nf3 e6 3. e3 c5 4. Bd3 cxd4 5. exd4 Bb4+ 6.
c3 Be7 7. O-O O-O 8. Re1 d5 ({9:-0.47} 8... d5 9. Ne5 Nbd7 10. Bf4 Qb6 11. Qd2
Nxe5 12. Bxe5 Ng4 13. Bf4 $14) ({9:-0.24} 8... Nc6 9. Bg5 d6 10. Bc2 h6 11. Bh4
Ng4 12. Bxe7 Qxe7 13. Nbd2 $10) 9. Ne5 Nc6 10. f4 Bd7 11. Nd2 Rc8 12. Ndf3 Qc7
13. Ng5 Be8 14. Re3 Qd6 15. Nxh7 Nxh7 16. Bxh7+ Kxh7 17. Rh3+ Bh4 18. Rxh4+ Kg8
19. Qh5 Bd7 20. Qh7# 1-0

[Event "ICS Rated blitz match"]
[Site "207.99.83.227"]
[Date "1999.05.07"]
[Round "?"]
[White "Hossa"]
[Black "JudgeTurpin"]
[Result "1-0"]
[WhiteElo "2384"]
[BlackElo "2593"]
[PlyCount "101"]

1. e4 c5 2. Nc3 a6 3. Be2 Nc6 4. Nf3 Nd4 5. O-O e6 6. d3 b5 7. Be3 Nxe2+ 8.
Qxe2 d6 9. e5 d5 10. d4 b4 11. Na4 Bd7 12. Nxc5 Bxc5 13. dxc5 Bb5 14. Qd2 Bxf1
15. Rxf1 a5 16. Qd3 Ne7 17. Ng5 Nc6 18. Re1 h6 19. Nf3 O-O 20. Qd2 Qc7 21. Bxh6
gxh6 22. Qxh6 Rfd8 23. Ng5 f5 24. Qxe6+ Kf8 25. Qxf5+ Kg8 26. Ne6 Qf7 27. Qg4+
Kh8 28. Re3 Qh7 29. Nxd8 Nxd8 30. Rh3 Nf7 31. Rxh7+ Kxh7 32. Qd7 Kg8 33. e6 Rf8
34. exf7+ Kg7 35. c6 Rxf7 36. Qxf7+ Kxf7 37. c7 a4 38. c8=Q Kf6 39. Qf8+ Ke6
40. f4 b3 41. axb3 a3 42. bxa3 d4 43. b4 Kd7 44. Qg7+ Ke6 45. Qxd4 Ke7 46. b5
Ke6 47. b6 Ke7 48. b7 Ke6 49. b8=Q Kf5 50. Qbh8 Kg4 51. Qh3# {
JudgeTurpin checkmated} 1-0

[Event "ICS rated blitz match"]
[Site "207.99.83.227"]
[Date "1999.05.07"]
[Round "?"]
[White "Hossa"]
[Black "JudgeTurpin"]
[Result "1-0"]
[WhiteElo "2409"]
[BlackElo "2568"]
[PlyCount "111"]

1. e4 e5 2. f4 exf4 3. Nf3 d5 4. Nc3 dxe4 5. Nxe4 Qe7 6. Qe2 Bg4 7. d4 Bxf3 8.
gxf3 Nc6 9. Bxf4 Nxd4 10. Qf2 O-O-O 11. O-O-O Qd7 12. Bg2 Qa4 13. Be3 c5 14. c3
Ne6 15. Rxd8+ Kxd8 16. Kb1 b6 17. b3 Qe8 18. Qe2 Kc8 19. Qa6+ Kb8 20. Re1 Be7
21. Bf2 Qc6 22. Bg3+ Ka8 23. f4 Nh6 24. Qe2 Kb8 25. f5+ Nc7 26. Nd6 Nd5 27.
Nxf7+ Bd6 28. Bxd5 Qxd5 29. Bxd6+ Kb7 30. Nxh8 Qxd6 31. Qe7+ Qxe7 32. Rxe7+ Kc6
33. Rxg7 Nxf5 34. Rxh7 a5 35. Ng6 Kd6 36. c4 Nd4 37. Ne7 Ke5 38. Nc8 a4 39.
bxa4 Nc6 40. Nxb6 Kd4 41. Rd7+ Kc3 42. Rc7 Nb8 43. Rxc5 Kd4 44. Nd7 Na6 45. Rc8
Nb4 46. a5 Nd3 47. a6 Ke3 48. a7 Kd2 49. a8=Q Nb4 50. Qa5 Kd3 51. Qxb4 Ke4 52.
Qe1+ Kf5 53. Rf8+ Kg6 54. Qg3+ Kh7 55. Nf6+ Kh6 56. Rh8# {
JudgeTurpin checkmated} 1-0

[Event "ICS rated blitz match"]
[Site "207.99.83.227"]
[Date "1999.05.07"]
[Round "?"]
[White "Hossa"]
[Black "JudgeTurpin"]
[Result "0-1"]
[WhiteElo "2432"]
[BlackElo "2545"]
[Annotator "Crafty v16.6"]
[PlyCount "113"]

{annotating for player ossa using a scoring margin of +0.20 pawns. search time
limit is 20.00} 1. e4 1... g6 2. Nf3 Bg7 3. d4 d6 4. Bc4 Nf6 5. e5 dxe5 6. Nxe5
O-O 7. O-O Nbd7 8. Nc3 Nxe5 9. dxe5 Ng4 10. e6 Bxe6 11. Bxe6 Qxd1 12. Bxf7+
Kxf7 13. Nxd1 Rad8 14. Bg5 Rd5 15. h4 h6 16. Ne3 Nxe3 17. fxe3+ Ke6 18. Rxf8
Bxf8 19. Bf4 Rd2 20. Rc1 Bg7 21. b4 Bb2 22. Rf1 Rxc2 23. Bxh6 Be5 24. a3 Ra2
25. Bf4 Rxa3 26. Bxe5 Kxe5 27. Rc1 c6 28. Kf2 Ra4 29. Rc4 a5 30. Rc5+ Kd6 31.
Rxa5 b5 32. e4 Rxb4 33. Ke3 Ke5 34. Ra7 Rxe4+ 35. Kf3 Rf4+ 36. Kg3 e6 37. Ra1
Rd4 38. Rc1 Kd5 39. Rb1 b4 40. Kf3 Rxh4 41. g4 c5 42. Kg3 Rh7 43. Kf4 Rh2 44.
Kg5 Rg2 45. Kf4 e5+ 46. Kg5 e4 47. Kxg6 Rxg4+ 48. Kf6 e3 49. Rb2 Rf4+ 50. Kg6
c4 51. Rxb4 e2 52. Rb5+ Kd4 53. Rb1 Rf1 54. Rb8 e1=Q 55. Rd8+ Kc3 56. Rd6 Qg3+
57. Kh7 0-1